Young Thomas Hardy. (Record no. 112906)

MARC details
000 -LEADER
fixed length control field 00372nam a2200145Ia 4500
008 - FIXED-LENGTH DATA ELEMENTS--GENERAL INFORMATION
fixed length control field 210210b1978 xxu||||| |||| 00| 0 eng d
082 ## - DEWEY DECIMAL CLASSIFICATION NUMBER
Classification number 821.8 GITY
100 ## - MAIN ENTRY--PERSONAL NAME
Personal name GITTINGS (Robert).
245 ## - TITLE STATEMENT
Title Young Thomas Hardy.
260 ## - PUBLICATION, DISTRIBUTION, ETC.
Place of publication, distribution, etc. N Y
Name of publisher, distributor, etc. Penguin Books
Date of publication, distribution, etc. 1978
300 ## - PHYSICAL DESCRIPTION
Extent 368
650 ## - SUBJECT ADDED ENTRY--TOPICAL TERM
Topical term or geographic name entry element Thomas Hardy Criticism Biography
690 ## - LOCAL SUBJECT ADDED ENTRY--TOPICAL TERM (OCLC, RLIN)
Topical term or geographic name as entry element English Poetry
906 ## - LOCAL DATA ELEMENT F, LDF (RLIN)
a SG01218
Holdings
Withdrawn status Lost status Damaged status Not for loan Collection code Home library Current library Shelving location Date acquired Cost, normal purchase price Total Checkouts Full call number Barcode Date last seen Price effective from Koha item type
          St Aloysius Library St Aloysius Library   02/17/2021 0.00   821.8 GITY SG01218 02/17/2021 02/17/2021 Special Grants